| 000 | 00831nam a22002055i 4500 | ||
|---|---|---|---|
| 001 | 48240 | ||
| 003 | ES-MaACL | ||
| 005 | 20230906161722.0 | ||
| 007 | t| | ||
| 008 | 950711s1861 sp ||||1| spa d | ||
| 080 | _a615.21 | ||
| 100 | 1 |
_aChicote y González, Juan. _938499 |
|
| 245 | 1 | 0 | _aMemoria leída por Juan Chicote y González en el... acto de recibir la investidura de doctor en Farmacia. |
| 260 |
_aMadrid : _b[s.n.], _c1861 ( _fM. Minuesa) |
||
| 300 |
_a16 p. ; _c24 cm. |
||
| 594 | _aTít. de la memoria: Examen comparativo de los opios exóticos e indígenas, esponiendo [sic] los medios mas conducentes para propagar el cultivo y asegurar la preferencia del nuestro en el comercio. | ||
| 650 | 4 |
_aOpio. _9176111 |
|
| 740 | 0 | 2 | _aExamen comparativo de los opios exóticos e indígenas. |
| 852 | 4 |
_aES-MaACL _jT-63-F-11 |
|
| 999 |
_c48240 _d48240 |
||